[Event "Jakarta Gunadarma"]
[Site "Jakarta"]
[Date "1996.??.??"]
[Round "7"]
[White "Adianto, Utut"]
[Black "Lioe, Dede"]
[Result "1-0"]
[WhiteElo "2605"]
[BlackElo "2405"]
[Annotator "Tisdall,J"]
[PlyCount "93"]
[EventDate "1996.10.15"]
[EventType "tourn"]
[EventRounds "9"]
[EventCountry "INA"]
[EventCategory "13"]
[SourceTitle "CBM 056"]
[Source "ChessBase"]
[SourceDate "1997.02.01"]
[SourceVersion "1"]
[SourceVersionDate "1997.02.01"]
[SourceQuality "1"]

1. d4 Nf6 2. c4 e6 3. Nc3 Bb4 4. f3 d5 5. a3 Bxc3+ 6. bxc3 c5 7. cxd5 Nxd5 8.
dxc5 Qa5 9. e4 Ne7 10. Be3 O-O 11. Qb3 Nd7 12. Rd1 $146 {This is a novelty
only in a very technical sense - it does very little to change the position.} (
12. Nh3 Nc6 13. Bb5 Qc7 14. Rd1 a6 15. Ba4 Qa5 16. Bxc6 bxc6 17. Qb4 Qc7 18.
O-O Rb8 19. Qc4 Qa5 20. a4 Ne5 21. Qd4 Ng6 22. Bf4 Rb3 23. Rd3 Ra3 24. Bd6 e5
25. Bxe5 Rxa4 26. Qd6 Nxe5 27. Qxe5 Bxh3 28. gxh3 Rc4 29. f4 Qxc5+ 30. Qxc5
Rxc5 31. Ra1 a5 32. Ra4 g6 33. e5 Rb8 34. h4 Rb2 35. h5 Kg7 36. hxg6 hxg6 {
Danner,G-Cladouras,P/Budapest Elekes 1989/0-1 (79)}) 12... Qc7 (12... Nxc5 $2
13. Qb4 $16 {allows white to correct his pawn structure and simply have the
advantage of the bishop pair.}) 13. Qc4 Nc6 14. Nh3 b6 $1 {a, c. A thema tic
sacrifice to place all of white's queenside pawns on open files.} 15. cxb6 axb6
16. Qb3 Ba6 {This move guarantees that black will have easy access to key
squares a4 and c4, ensuring him even more compensation for the sacrificed pawn.
} 17. Bxa6 Rxa6 18. O-O Rfa8 19. Bf4 Nde5 20. Bc1 Na5 21. Qc2 Nac4 22. f4 Ng4
$5 {This leads to very sharp play.} (22... Nc6 {was a duller alternative.}) 23.
Qe2 h5 24. Ng5 $5 (24. Nf2 Qc5 $1 {creates enough discord in the enemy camp to
give black good prospects.} (24... Nxf2 25. Rxf2 Ra5 (25... Nxa3 26. Qxh5 Nc4 (
26... Qxc3 27. Bb2 $40) 27. Rf3 (27. f5 $16)) 26. f5 $16) 25. h3 (25. Rd4 Nxa3
(25... Nxf2 26. Rxc4 $1 $18) 26. Nxg4 hxg4 27. Be3 Qxc3 $13) 25... Nxf2 (25...
Nf6 $6 26. e5 Nd5 27. Rd3 $5 (27. Qxh5 Nce3 (27... Nde3 28. Ne4 Qc7 29. Ng5)
28. Ne4 Qc7 29. Ng5 Nxd1 30. Qh7+ Kf8 31. Qh8+ Ke7 32. Qxg7 Rf8 33. Rxd1 $16))
26. Rxf2 Nxa3 27. f5 Nb5) 24... Qc5+ 25. Rd4 Nxa3 26. Be3 {[#]} Qxc3 $6 (26...
Nxe3 27. Qxh5 R6a7 (27... Qc7 28. Qh7+ Kf8 29. Qh8+ Ke7 30. Qxg7 $44) 28. Qh7+
Kf8 29. Qh8+ Ke7 30. Qxg7 Ke8 31. Nh7 (31. Rf3 Nac4 $1 {a,}) 31... Nac2 {
and white must settle for perpetual check.} 32. Qh8+ Ke7 33. Qf6+ Ke8) 27. Qxa6
$1 Qxe3+ 28. Kh1 Rf8 (28... Rxa6 29. Rd8#) 29. Rdd1 Nc2 30. e5 $1 {Although
black seems to have both a strong initiative thanks to his active pieces, and
a passed pawn for the exchange, white's material advantage nevertheless
appears to the most important aspect of the position. This is largely due to
the black king not being completely secure.} g6 (30... Nf2+ 31. Rxf2 Qxf2 32.
Qd3 g6 33. Ne4 (33. Rf1 Nb4) 33... Qxf4 34. Nf6+ Kg7 35. Qxc2 $16) 31. Nh3 Qc5
32. Rc1 b5 33. Qd6 Qc4 ({Not} 33... Qxd6 $2 34. exd6 {and black cannot
coordinate his forces successfully;} Nge3 (34... Nce3 35. d7 Nf6 36. Rc8 Nxd7
37. Rxf8+ Kxf8 38. Rb1 $16) 35. Rf2 $16) 34. Qd2 Rc8 35. Ng5 b4 36. Qd7 Rc7 $6
{This is inferior to} (36... Rf8 {but after} 37. Qb7 $1 {- to gain the e4
square for the knight and to monitor the b-pawn - white again controls the
essential elements of the position, despite black's apparent ability to cause
trouble.} b3 38. Ne4 Nge3 39. Rf3 $16) 37. Qd8+ Kg7 38. h3 Nge3 39. Qf6+ Kg8
40. Rfd1 $1 {The beginning of a crisp tactical finish.} Nd5 (40... Nxd1 41.
Rxd1 Nd4 42. Qd8+) 41. Qd8+ Kg7 {[#]} 42. Rxd5 $1 exd5 43. Qf6+ Kg8 44. e6 d4
45. exf7+ (45. Rxc2 $1 Qxc2 46. exf7+ {was slightly more efficient.}) 45...
Rxf7 46. Qxg6+ Kf8 47. Nxf7 1-0

[Event "RUS-ch51"]
[Site "St Petersburg"]
[Date "1998.08.01"]
[Round "5"]
[White "Volkov, Sergey"]
[Black "Ivanov, Sergey"]
[Result "1/2-1/2"]
[WhiteElo "2605"]
[BlackElo "2550"]
[Annotator "Tisdall,J"]
[PlyCount "85"]
[EventDate "1998.07.28"]
[EventType "swiss"]
[EventRounds "11"]
[EventCountry "RUS"]
[SourceTitle "CBM 067"]
[Source "ChessBase"]
[SourceDate "1998.11.30"]
[SourceVersion "2"]
[SourceVersionDate "1998.11.01"]
[SourceQuality "1"]

{[%mdl 9288]} 1. d4 Nf6 2. c4 e6 3. Nc3 Bb4 4. f3 d5 5. a3 Bxc3+ 6. bxc3 c5 7.
cxd5 Nxd5 8. Qd3 O-O 9. e4 Nf6 (9... Nb6 10. Be3 cxd4 11. cxd4 Nc6 12. Nh3 f5
13. Rd1 fxe4 14. Qxe4 Nd5 15. Ng5 Rf5 16. h4 Nc3 17. Qd3 Nxd1 18. Kxd1 Qd5 19.
Be2 Bd7 20. g4 Rxg5 21. hxg5 g6 22. Rf1 Rc8 23. f4 Na5 24. Ke1 Nc4 25. Bc1 Nd6
26. Qe3 Ne4 27. Bd3 Rc3 28. Bb2 Rxd3 29. Qxd3 Bb5 30. Qc2 Bxf1 31. Qc8+ Kf7 32.
Qc7+ Ke8 33. Kxf1 Qc4+ 34. Qxc4 Nd2+ 35. Ke2 Nxc4 36. Bc1 Nd6 37. Kd3 Kd7 38.
Bd2 Kc6 39. Bb4 b5 40. Ba5 Kd5 41. Bd2 Nb7 42. Bb4 Nd8 43. Bf8 Nc6 44. Bc5 a5
45. Bb6 b4 46. axb4 axb4 47. Bc5 b3 48. Kc3 Nxd4 {0-1 Hansen,S-Gronn,A/Aarhus
1990/EXT 97 (48)}) (9... Nc7 10. Be3 Nc6 11. Nh3 cxd4 12. cxd4 e5 13. d5 Nd4
14. Bxd4 exd4 15. Nf2 Qf6 16. Rd1 Qb6 17. Be2 Bd7 18. Qxd4 Qd6 19. O-O Nb5 20.
Bxb5 Bxb5 21. Ra1 Qe7 22. Rfc1 a6 23. Ng4 Rac8 24. Ne3 Qg5 25. e5 Rfe8 26. f4
Qh5 27. Re1 Qh4 28. Nf5 Qg4 29. Ne3 Qh4 30. Reb1 Rcd8 31. Ra2 f6 32. exf6 Qxf6
33. Qxf6 gxf6 34. Kf2 Re4 {1/2-1/2 Bandza,A-Zhidkov,V/Rimavska Sobota 1990/EXP
20 (34)}) 10. Bg5 $5 (10. Nh3 cxd4 11. cxd4 Nc6 12. Bb2 Qe7 13. Nf2 Rd8 14. Be2
Nh5 15. Qe3 Qc7 16. O-O Qf4 17. Qd3 Qh4 18. g3 Nxg3 19. hxg3 Qxg3+ 20. Kh1 Qh4+
21. Kg2 Qg5+ 22. Kh2 Qh4+ 23. Kg2 Qg5+ 24. Kh2 {1/2-1/2 Yakovich,Y-Kishnev,S/
Munich 1992/TD 92\03 (24)}) 10... cxd4 (10... h6 $5) 11. cxd4 b6 12. e5 Qd5 (
12... Ba6 13. Qd2 $1 Bxf1 (13... h6 14. Bxf6 gxf6 15. Qxh6 Qxd4 16. exf6 Qc3+ (
16... Qxa1+ 17. Kf2 Qd4+ 18. Kg3 $18) 17. Kf2 Qc2+ 18. Ne2 (18. Be2 Qg6 19.
Qxg6+ fxg6 20. Rd1 $16) 18... Qg6 19. Qxg6+ fxg6 20. Rd1 $16) 14. exf6 (14.
Kxf1 h6 15. Bh4 (15. Bxf6 gxf6 16. Qxh6 $16) 15... Ne4) 14... gxf6 15. Bh6 $18)
13. Qd2 Nfd7 14. Bd3 Nc5 $1 (14... Nxe5 15. Be4) 15. dxc5 Qxe5+ 16. Kf2 Qxa1
17. Be4 Nd7 (17... Qxa3 18. Be7 Re8 19. Bxa8 Nd7 20. cxb6 Qxe7 21. b7 Qc5+ 22.
Qe3 Qxe3+ 23. Kxe3 Bxb7 24. Bxb7 {is very similar to what eventually happens
in the game. Black prefers to keep the pin on the first rank.}) 18. Bxa8 Nxc5
19. Be7 Re8 20. Bc6 Bd7 21. Bxd7 Rxe7 22. Qd6 {Looks crushing...} Qe5 $1 {
a very neat resource that allows black to fight on, but surely this ending
should be winning for white.} 23. Qxe5 (23. Qxe7 $4 Nd3+) 23... Nd3+ 24. Kg3
Nxe5 25. Bb5 a6 26. Bxa6 (26. Be2 Rc7 (26... b5) 27. Nh3 (27. a4 $5) 27... b5
28. Rd1 {looks tempting, trying to preserve the a-pawn for as long as possible.
}) 26... Ra7 27. Bb5 Rxa3 28. Ne2 g5 29. Nd4 Kg7 30. Rb1 (30. Re1 Kf6 31. Re2
h5 32. Rb2 $16) 30... Ra2 31. h3 ({Also possible is} 31. Nc6 Ng6 32. Bf1 h5 33.
h3 h4+ 34. Kh2 Nf4 35. Ne5 $16 (35. Rxb6 Ra1 36. Kg1 Nh5 $5 37. Kf2 Ra2+ 38.
Ke3 Ng3 39. Bd3 Rxg2 40. Rb7 Nf5+ 41. Bxf5 exf5 42. Ne5 Kf6 $1 {and black has
enough play against what remains of white's kingside.})) 31... h5 32. Rb4 h4+
33. Kh2 Rd2 34. Bf1 Ng6 35. Ne2 Rd6 36. f4 gxf4 37. Nxf4 Ne7 38. Nh5+ (38. Nd3
Nf5 39. Ne5 {and white should gradually realize his material advantage.} ({or} 
39. Kg1)) 38... Kg6 39. Rxh4 $4 (39. Nf4+) 39... Kg5 40. Rf4 (40. g3 Ng6) 40...
Kxh5 41. Rxf7 Nf5 42. Be2+ Kg5 43. Kg1 1/2-1/2

[Event "Novosibirsk"]
[Site "Novosibirsk"]
[Date "1993.??.??"]
[Round "1"]
[White "Vaisser, Anatoli"]
[Black "Psakhis, Lev"]
[Result "1/2-1/2"]
[WhiteElo "2555"]
[BlackElo "2575"]
[Annotator "Wahls,M"]
[PlyCount "89"]
[EventDate "1993.06.??"]
[EventType "tourn"]
[EventRounds "11"]
[EventCountry "RUS"]
[EventCategory "14"]
[SourceTitle "CBM 036"]
[Source "ChessBase"]
[SourceDate "1993.10.01"]
[SourceVersion "1"]
[SourceVersionDate "1993.10.01"]
[SourceQuality "1"]

1. d4 {Glatman} e6 2. c4 Nf6 3. Nc3 Bb4 4. f3 d5 5. a3 Bxc3+ (5... Be7 $5 {
Glatman} 6. e4 dxe4 7. fxe4 e5 8. d5 Bc5 9. Bg5 h6 10. Bh4 Bd4 $1 $132 {
Moskalenko,V-Chekhov,V Leningrad 1989 /\ 11.Nge2 Ne4!/}) 6. bxc3 c5 7. cxd5
Nxd5 8. dxc5 (8. Qd2) (8. Qd3) (8. Qd3 {Glatman} b6 $1 9. dxc5 (9. e4 Ba6 10.
Qd2 (10. c4 Ne7 11. d5 exd5 12. exd5 O-O $15 {Arnason/}) 10... Bxf1 11. Kxf1
Ne7 12. dxc5 Nd7 $5 $44) 9... bxc5 10. e4 Ba6 11. Qd2 Bxf1 12. Kxf1 Nb6 13.
Qxd8+ Kxd8 $15 {Shirov,A-Arnason,J Reykjavik 1992 Inf 54/530/}) (8. Qd2 {
Glatman} f5 $5 9. Nh3 O-O 10. e3 Nc6 11. Bc4 (11. Bd3 cxd4 12. cxd4 e5 $10) (
11. Be2 cxd4 12. cxd4 f4 $10) 11... Na5 12. Ba2 {Shirov,A-Beliavsky,A Biel
1992 Inf 55/540/} cxd4 $5 13. cxd4 Bd7 $10) 8... Qa5 (8... f5) 9. e4 Ne7 (9...
Nf6 {Glatman} 10. Be3 O-O 11. Qb3 Nfd7 12. a4 Qc7 13. Qa3 Nc6 14. Nh3 Na5 15.
Be2 (15. Bb5 Ne5 {Moskalenko,V-Lukacs,P Budapest 1991 Inf 51/538/} 16. O-O Nec4
17. Bxc4 Nxc4 18. Qc1 e5 19. Nf2 Be6 20. Nd3 Rfd8 $13) 15... b6 16. cxb6 axb6
17. O-O Ba6 18. Bxa6 Rxa6 19. Qb4 Nb7 20. Nf2 Nbc5 21. Nd1 Nd3 22. Qb5 N7c5 23.
c4 Ra5 24. Qb1 Qc6 25. Nc3 {1/2:1/2 Sakaev,K-Budnikov,A S-Peterburg 1993/}) 10.
Be3 O-O 11. Qb3 Qc7 12. a4 (12. Nh3 Nec6 (12... e5 {Glatman} 13. Nf2 Nec6 14.
Nd3 Be6 15. Qb5 Nd7 16. Be2 Na5 17. O-O Rac8 18. Rfd1 {Dreev,A-Anand,V Madras
1991 Inf 51/539/} Bc4 $5 19. Qb4 Nb8 $10) 13. Rb1 (13. Nf4 Na5 14. Qb4 Bd7 15.
Bb5 Nbc6 16. Qa4 a6 17. Bxc6 Bxc6 18. Qb4 Bb5 $13 {Arencibia-Lalic,Sevilla 1990
}) 13... e5 14. Nf2 Na5 15. Qa4 Be6 16. Be2 Nd7 17. Rb5 b6 18. O-O Nb7 (18...
Rfb8 19. Rfb1 h6 $13 {Arencibia-Lobron,Manila 1990}) (18... Rfc8 19. Rfb1 Nb7
$132) 19. cxb6 axb6 20. Qb4 Nd6 21. Bxb6 Qc6 22. Be3 Rfc8 $1 23. Ra5 $10 {
Jakovic-Sokolov,A,Moscow 1990}) (12. Bb5 Nec6 13. Rd1 Na5 (13... e5 $5 {Glatman
} 14. Qa2 Na5 15. Qd5 Bd7 16. Bxd7 Rd8 17. Qd6 Qxd6 18. Rxd6 Rxd7 $1 19. Kf2
Nc4 20. Rd5 Rxd5 21. exd5 Na6 $10) 14. Qb4 e5 15. Ne2 Be6 $44 {Timman-Karpov,
Kuala Lumpur 1990}) (12. Rd1 Nd7 13. Qc4 Ne5 14. Qd4 N7c6 15. Qa4 Bd7 16. Nh3
$13 {Lin Ta}) 12... Nd7 $5 (12... e5 13. Bc4 Nec6 14. Qa3 Na5 15. Bd5 Na6 16.
Rb1 (16. c4 Be6 17. Rc1 Rac8 18. Ne2 Nxc5 19. O-O b6 $10 {Malanjuk-Georgiev,
Kir,Moscow 1990}) 16... Be6 17. Bxe6 fxe6 18. Qa2 Nxc5 19. Bxc5 Qxc5 20. Qxe6+
Kh8 $44 {Gelfand-de Firmian,Moscow 1990}) (12... Nec6 {Glatman} 13. f4 Na5 14.
Qa3 Nd7 15. Nf3 b6 16. cxb6 axb6 17. Nd2 Ba6 18. Bb5 Bxb5 19. axb5 Nc4 20. Qxa8
Nxe3 21. Qc6 Qxf4 $1 $132 {Milov,V-Greenfeld,A Israel 1993 Inf 56/617/}) 13.
Qa3 f5 $1 14. Nh3 (14. Ne2 fxe4 15. fxe4 Nf6 16. Ng3 Ng4 $15) (14. Bc4 $2 {
Glatman} Ne5) 14... fxe4 (14... Ng6 $2 15. exf5 $14) 15. fxe4 Ne5 (15... Nf6 $2
16. Nf2 $16) (15... Ng6 16. Nf2 (16. Be2 Nh4 $1) 16... Nde5 17. Be2 (17. h4 $6
Bd7 18. h5 Nf4 19. g3 Nc4 $3 20. Bxc4 Ng2+ 21. Ke2 Nxe3 $17 {Makarychev}) 17...
Nf4 18. Bxf4 Rxf4 19. O-O Bd7 20. Rad1 $1 $10 {Golod-Makarychev,SSSR 1990}) 16.
Be2 N7g6 17. Nf2 Nf4 18. Bxf4 Rxf4 19. O-O Bd7 20. g3 {20.Tad1 siehe voheriger
Kommentar} (20. Rad1 {Glatman Golod,V-Makarichev,S SSSR 1990 Inf 50/566/})
20... Rff8 21. Nd3 Rxf1+ {Der Anfang einer "Remisabwicklung".} (21... Nxd3 {
Glatman} 22. Bxd3 Rfc8) 22. Rxf1 Nxd3 23. Bxd3 Rc8 24. Rb1 Qxc5+ 25. Qxc5 Rxc5
26. Rxb7 Bxa4 27. c4 (27. Rxa7 {Glatman} Rxc3 $10) 27... a5 28. Kf2 {Weiß
besitzt einen aktiveren König,sowie den besseren Turm.Die schwarze  Festung
jedoch,ist uneinnehmbar!} Be8 29. Ke3 e5 30. Kd2 Kf8 31. Kc3 Bf7 32. h4 h6 33.
Ra7 Be6 34. Rb7 Bf7 35. Rb5 Rxb5 36. cxb5 Ke7 37. b6 Kd6 38. Bb5 Be6 39. b7 Kc7
40. Bc6 Bf7 41. Kb2 Bc4 42. Ka3 Ba6 43. Ka4 Bxb7 44. Bxb7 Kxb7 45. Kxa5 1/2-1/2

[Event "RUS-ch 53rd"]
[Site "Samara"]
[Date "2000.06.17"]
[Round "1"]
[White "Volkov, Sergey"]
[Black "Yevseev, Denis"]
[Result "1-0"]
[WhiteElo "2582"]
[BlackElo "2496"]
[Annotator "Wells,P"]
[PlyCount "65"]
[EventDate "2000.06.03"]
[EventType "swiss"]
[EventRounds "11"]
[EventCountry "RUS"]
[SourceTitle "CBM 078"]
[Source "ChessBase"]
[SourceDate "2000.10.18"]
[SourceVersion "1"]
[SourceVersionDate "2000.10.18"]
[SourceQuality "1"]

1. d4 Nf6 2. c4 e6 3. Nc3 Bb4 4. f3 (4. a3 Bxc3+ 5. bxc3 c5 6. f3 d5 7. cxd5
Nxd5 8. dxc5 {is another common enough route to the game, although in the late
80s and early 90s the main debate surrounded 4 f3.}) 4... d5 5. a3 Bxc3+ 6.
bxc3 c5 7. cxd5 Nxd5 ({if 4 f3 is really coming back into fashion, then it is
time to revisit a few of the tricks that caused my personal crisis of
confidence in it almost a decade ago. The main line here ( only with 8...Qa5!?
) was critical, but so was} 7... exd5 $5 8. e3 Qc7 $1 {The creative Rumanian
Grandmaster Mikhail Suba's move which ( with a measure of success ) aims at
disrupting the flow of white's development.} 9. Ra2 (9. Bd3 $2 cxd4 10. cxd4
Qc3+ $17) (9. Ne2 $5 Nc6 10. Nf4 O-O 11. Bd3 Re8 12. O-O Ne7 13. g4 cxd4 14.
cxd4 Ng6 15. Nxg6 (15. Ng2 $5) 15... hxg6 16. Bd2 Bd7 17. Kg2 Rac8 18. h3 Bc6
$11 {0-1 Gallego,V-Suba,M/ESP-chT 1994/EXT 94ch (33)}) 9... cxd4 $1 (9... Bf5
$6 10. Ne2 Nc6 11. g4 Bg6 12. Nf4 O-O-O 13. Bg2 h5 14. g5 Nh7 15. h4 Nf8 16.
O-O Kb8 17. e4 $1 dxe4 18. fxe4 Ka8 19. Rb2 $1 $16 {[%csl Yd5] Malaniuk,V-Suba,
M/Palma de Mallorca 1989/Inf 48 (19)}) 10. cxd4 Bf5 11. Ne2 Nbd7 12. g4 Bg6
$132 {[%csl Gg6][%cal Ga8c8,Gg6c2,Gc2b3,Gc8c1]} 13. a4 (13. Nf4 Rc8 (13... Rc8
14. Bd2 Bc2 15. Qa1 g5 $1 16. Bd3 Bxd3 17. Nxd3 h5 18. gxh5 Rxh5 $17 {[%csl
Re1,Rh2] 0-1 Halldorsson,B-Sokolov,I/Reykjavik 2000 (29)})) (13. Bg2 $5 Rc8 14.
O-O Bc2 15. Qe1 Nb6 (15... Bb3 $5) 16. Rf2 O-O 17. g5 Nfd7 18. Bd2 Bf5 19. Ng3
Be6 20. Ra1 Nc4 21. f4 $13 {1-0 Lampen,T-Marks,H/Reykjavik 2000 (61)}) 13...
O-O 14. h4 Rac8 15. Ra3 Qd6 16. h5 Bc2 17. Qd2 Ne4 $5 (17... Nb6 $5 $15) 18.
fxe4 Bxe4 19. Rh3 Rc2 20. Qd1 Rfc8 21. Ra1 Nf6 22. Ba3 Qc7 23. Rc1 Qa5+ 24. Kf2
Nxg4+ 25. Kg1 Qd8 $44 {0-1 Wells,P-Suba,M/London WFW 1991 (37)}) 8. dxc5 f5 $5
(8... Qa5 $5 {and in particular} 9. e4 Nf6 $1 {was the other principal source
of headaches for those trying to show advantage with white after 4 f3. The
text is, however, also interesting, and it is worth checking from time to time
that the opponent is not only doing his homework in the fashionable lines!}) 9.
Nh3 $5 (9. Qc2 O-O (9... f4 10. g3 $1 (10. Bxf4 $6 Nxf4 11. Qa4+ Nc6 12. Qxf4
e5 13. Qa4 Qe7 14. Qb5 a6 15. Qb6 e4 16. g3 exf3 17. Nxf3 O-O 18. Bg2 Qe3 $44 {
0-1 Ernst,T-Hansen,C/Gausdal 1985/MCD (30)}) 10... O-O 11. c4 Ne3 12. Bxe3 fxe3
13. Qc3 Qg5 14. f4 Qxc5 15. Bg2 Nc6 16. Nf3 h6 17. Rb1 b6 18. Rb5 Qd6 19. c5
bxc5 20. Rxc5 Ne7 21. Qxe3 Nd5 22. Qd4 $16 {1-0 Sakaev,K-Brodsky,M/Kherson
1991/CBM 21 ext (39)}) 10. e4 fxe4 11. fxe4 Nf4 (11... Qh4+ 12. g3 Qf6 {> 9 e4.
}) (11... Nf4 12. Nf3 Qc7 13. Be3 Nd7 14. Bc4 Nxc5 15. O-O Bd7 16. Rae1 $5 {
1/2-1/2 Timman,J-Karpov,A/Reykjavik 1991/Inf 52 (22) and now} Na4 17. Bb3 Nc5
$1 $11)) (9. c4 $5 Qf6 $5 (9... Qh4+ 10. g3 Qxc4 11. e4 Qc3+ 12. Bd2 Qe5 13.
Bd3 fxe4 14. fxe4 O-O 15. Rc1 Nf6 16. Nf3 Qh5 17. O-O Nbd7 18. Nd4 Ng4 19.
Rxf8+ Nxf8 20. Qe2 e5 21. Nf5 $14 {1/2-1/2 Donner,J-Pachman,L/Bled 1961/MCL 
(28) I suspect the bishop pair should be worth an edge here.}) 10. Bd2 Ne7 11.
Nh3 Nbc6 12. Nf4 O-O 13. e3 Ng6 14. Nxg6 Qxg6 15. Bc3 e5 {1/2-1/2 Ragozin,
V-Sokolsky,A/Kiev 1954/URS-ch (26)}) (9. e4 fxe4 10. Qc2 e3 (10... Qh4+ 11. g3
Qf6 12. fxe4 O-O 13. Bg2 Qxc3+ 14. Qxc3 Nxc3 15. Bf4 Bd7 16. Rc1 Na4 17. Bd6
$14 {[%csl Yd6] 1-0 Malaniuk,V-King,D/Frunze 1987/TD (67)}) 11. Bd3 Nd7 12. Ne2
(12. c4 Nf4 13. Bxe3 Qa5+ $1 14. Kf2 Nxd3+ 15. Qxd3 O-O 16. Qd2 Qa6 17. Ne2 Nf6
18. Ng3 Qxc4 19. Rhc1 Qa4 {1/2-1/2 Furman,S-Polugaevsky,L/Leningrad 1963/
URS-ch (19)}) 12... Nxc5 13. O-O Bd7 $5 14. c4 Ba4 15. Qb2 Nf6 16. Bc2 Bxc2 17.
Qxc2 O-O 18. Bxe3 Qc7 {A typical example where the black squared bishop does
not guarantee a dark-square bind.} 19. Bf2 {1/2-1/2 Malaniuk,V-Balashov,Y/
Odessa 1989/URS-ch (19)}) 9... O-O 10. c4 (10. Nf4 Qe7 $5 11. Nxd5 exd5 12. Bf4
{it is almost certainly wise to decline black's offer since} (12. Qxd5+ Be6 13.
Qd6 (13. Bg5 Qxg5 $5 14. Qxe6+ {[%csl Rc3,Rc5,Re3]} Kh8 15. e3 Nc6 $32) 13...
Qf7 $44 {[%cal Yb8c6,Ya8d8] looks like excellent value in terms of
mobilisation with tempo.}) 12... Qxc5 13. Qd4 Qa5 14. e3 Nc6 15. Qd2 Be6 16.
Be2 Rfc8 17. O-O Nd8 18. Rfc1 (18. Be5 Nc6 $1 $11) 18... Nf7 {[%csl Ge5][%cal
Gc8c3,Gf7e5] 1-0 Toth,B-Lengyel,L/Budapest 1971/MCD (61) and black has found a
way to cover the e5 square while uncovering the c-file, and should be fine.})
10... Nf6 ({Black can also elect to keep queens on the board with} 10... Qh4+
$5 11. Nf2 (11. g3 $6 Qxc4 12. e4 Qc3+ 13. Bd2 Qe5 $36) 11... Qf6 $5 (11... Nf6
12. e3 Nc6 13. Be2 Rd8 (13... e5) 14. Qc2 Nd7 15. O-O Nxc5 16. Bb2 b6 17. Nd3
$1 Qh6 18. f4 Ne4 19. Rf3 $1 {[%csl Rg7,Rh6][%cal Yb2g7]} Qh4 20. Rh3 Qe7 21.
Bf3 $14 {[%cal Gf3e4,Yd3e5,Yh3g3,Yg3g7,Yb2g7] 1/2-1/2 Ligterink,G-Miralles,G/
Cannes 1990/CBM 18 (56) white prepares to construct a position in which the
opposite coloured bishops spells direct attacking chances.}) 12. Bd2 Nc3 13.
Qc1 Na4 14. Bg5 Qf7 15. Nd3 Nd7 $13 {1-0 Beliavsky,A-Portisch,L/Amsterdam 1990/
CBM 20 (40)}) 11. Qxd8 Rxd8 12. Nf2 Na6 $6 (12... Nc6 $5 {It looks better to
me to seek some compensation in the centre, rather than merely go after the
c-pawn.} 13. e3 e5 14. Bb2 Be6 15. Nd3 Nd7 16. Rc1 e4 17. fxe4 fxe4 18. Nf4 Bf7
19. Be2 Nxc5 {[%csl Yb2,Gc5,Gd5,Yf4][%cal Gf7d5] 1-0 Yurtaev,L-Utemov,V/
Podolsk 1990/TD (48) with a rather healthy position. Both sides have some
excellent minor pieces.}) 13. Nd3 $1 Nd7 14. Be3 {It looks rather as if black
has put all his eggs in one basket, and the simple threat to c5 well parried
it is not so clear how to continue. Certainly the game continuation cannot be
the way - the passed c-pawn at c6 can also be defended, and the defender,
white's e5 knight, is a monster.} b6 $2 (14... e5 $5 $14) 15. c6 Ndc5 16. Ne5
$1 {[%csl Ge5] A pretty well unchallengable beast!} Nb3 17. Rb1 Nac5 18. g3 Ba6
19. Bg2 Rac8 20. f4 Na5 21. Rb4 Ne4 22. Bxe4 fxe4 23. Ra4 {[%csl Ra6]} Rc7 24.
O-O Rdc8 25. Rd1 Rxc6 {What else?} 26. Nxc6 Rxc6 27. Rd8+ Kf7 28. Rd7+ Kg6 29.
Rxa7 $18 Bxc4 30. Rb4 Bxe2 31. Rxb6 Rxb6 32. Bxb6 Nc4 33. Kf2 1-0